LIBRARY & INFORMATION CENTRE, KCAET, TAVANUR

ONLINE PUBLIC ACCESS CATALOGUE (OPAC)

Automobile Chassis Maintence and overhard / (Record no. 2773)

MARC details
000 -LEADER
fixed length control field 00451cam a2200181ua 4500
041 ## - LANGUAGE CODE
Language code of text/sound track or separate title eng
082 ## - DEWEY DECIMAL CLASSIFICATION NUMBER
Classification number 629.24
Item number ABB/AU
100 ## - MAIN ENTRY--AUTHOR NAME
Personal name Abbey, Station.
245 ## - TITLE STATEMENT
Title Automobile Chassis Maintence and overhard /
250 ## - EDITION STATEMENT
Edition statement 1 /
260 ## - PUBLICATION, DISTRIBUTION, ETC. (IMPRINT)
Place of publication :
Name of publisher 18A4C Pitmamm& Sons LTD ,
Year of publication 1949.
300 ## - PHYSICAL DESCRIPTION
Number of Pages 172 ; .
942 ## - ADDED ENTRY ELEMENTS (KOHA)
Koha item type Books
Holdings
Withdrawn status Lost status Damaged status Home library Current library Date acquired Full call number Accession Number Koha item type
      KAUAET KAUAET 07/04/2012 629.24 3592 Books
free website counter